[Event "Montpellier op"]
[Site "Montpellier"]
[Date "2007.12.28"]
[Round "5"]
[White "Escanye, Romain"]
[Black "Hannety, Ali"]
[Result "1/2-1/2"]
[WhiteElo "1840"]
[BlackElo "2021"]
[PlyCount "63"]
[EventDate "2007.12.26"]
[EventType "swiss"]
[EventRounds "7"]
[EventCountry "FRA"]
[SourceTitle "CBM 122 Extra"]
[Source "ChessBase"]
[SourceDate "2008.03.04"]
[SourceVersion "1"]
[SourceVersionDate "2008.03.04"]
[SourceQuality "1"]

1. e4 e5 2. Nf3 Nf6 3. Nxe5 d6 4. Nf3 Nxe4 5. Nc3 Nxc3 6. dxc3 Bg4 7. Be3 Nd7 8. h3 Be6 9. Ng5 Nf6 10. Nxe6 fxe6 11. Bd3 Qd7 12. Qf3 c5 13. Qe2 0-0-0 14. b4 Qc6 15. 0-0 Nd5 16. Bd2 Nc7 17. bxc5 d5 18. Be3 Bxc5 19. Bxc5 Qxc5 20. Qe5 g6 21. Qd4 Qxd4 22. cxd4 Rd6 23. Rab1 Rc6 24. Rb3 Rd8 25. Rfb1 b6 26. Re1 Kd7 27. Re3 Rf8 28. g3 Kd6 29. Kg2 Ne8 30. Rf3 Rxf3 31. Kxf3 Ke7 32. Ke3 1/2-1/2

[Event "Montpellier op"]
[Site "Montpellier"]
[Date "2007.12.26"]
[Round "1"]
[White "Fernandez, David"]
[Black "Hannety, Ali"]
[Result "0-1"]
[WhiteElo "1590"]
[BlackElo "2021"]
[PlyCount "94"]
[EventDate "2007.12.26"]
[EventType "swiss"]
[EventRounds "7"]
[EventCountry "FRA"]
[SourceTitle "CBM 122 Extra"]
[Source "ChessBase"]
[SourceDate "2008.03.04"]
[SourceVersion "1"]
[SourceVersionDate "2008.03.04"]
[SourceQuality "1"]

1. e4 e5 2. Nf3 Nf6 3. Nc3 Nc6 4. Bc4 Be7 5. d3 0-0 6. Bg5 d6 7. h3 Na5 8. Bb3 Nxb3 9. axb3 Be6 10. 0-0 Nd7 11. Bxe7 Qxe7 12. Nb5 Nc5 13. Re1 a6 14. Nc3 f5 15. d4 fxe4 16. Nxe4 Nxe4 17. Rxe4 Bf5 18. Re3 e4 19. Qe2 exf3 20. Qxf3 Qd7 21. Rae1 Qc6 22. Qg3 Rae8 23. c3 Rxe3 24. Rxe3 Re8 25. Rf3 Re1+ 26. Kh2 Bg6 27. Qf4 h6 28. Rg3 Qe4 29. Qd2 Re2 30. Qc1 Rxf2 31. Qg1 Qf4 32. Qe1 Be4 33. Kg1 Qxg3 34. Qxf2 Qxf2+ 35. Kxf2 Bc2 36. b4 Bb3 37. Ke3 Bc4 38. Ke4 c6 39. Kf5 Kf7 40. g3 g6+ 41. Ke4 Kf6 42. h4 h5 43. Kf4 g5+ 44. hxg5+ Kg6 45. Kf3 Kxg5 46. Kg2 Kg4 47. Kf2 Bd5 0-1